000 00697nam a2200229Ia 4500
003 GCL
008 140319s9999 xx 000 0 ara d
040 _aGCL /
_cGCL
082 0 4 _a822.009
_bك ع
100 1 _aكير، وولتر
245 1 0 _aعيوب التاليف المسرحى /
_cكير، وولتر
700 1 _aعبدالحليم البشلاوى
260 _a[S.N] :
_bمكتبة مصر ،
_c1980
300 _a349 ص
490 _aمكتبة الفنون الدرامية
_v0
650 0 4 _aالمسرح
650 0 4 _aالحبكة الروائية
650 0 4 _aالادب الامريكى
650 0 4 _aالتأليف
650 0 4 _aتاريخ ونقد
942 _2ddc
_cBK
999 _c34385
_d34385